KOHA-Header-6

Distance and supported open learning (Record no. 6770)

000 -LEADER
fixed length control field 00275nam a2200109Ia 4500
100 ## - MAIN ENTRY--AUTHOR NAME
Personal name Hobsons ,international
245 #0 - TITLE STATEMENT
Title Distance and supported open learning
260 ## - PUBLICATION, DISTRIBUTION, ETC. (IMPRINT)
Place of publication London
Name of publisher Pearson
Year of publication 1999
300 ## - PHYSICAL DESCRIPTION
Number of Pages 224
942 ## - ADDED ENTRY ELEMENTS (KOHA)
Koha item type Books
Holdings
Withdrawn status Lost status Collection code Permanent Location Current Location Shelving location Date acquired Full call number Accession Number Koha item type
    Dictionaries MAJU MAJU Shelf No.B28 2019-09-11 378.202 207 DICTIONARY

Powered by Koha